[Event "GRE-chT 34th"]
[Site "Ermioni Argolidas"]
[Date "2005.07.10"]
[Round "8"]
[White "Papaioannou, Ioannis"]
[Black "Michelakis, George"]
[Result "1/2-1/2"]
[WhiteElo "2578"]
[BlackElo "2437"]
[PlyCount "73"]
[EventDate "2005.07.04"]
[EventType "team"]
[EventRounds "9"]
[EventCountry "GRE"]
[SourceTitle "CBM 107 Extra"]
[Source "ChessBase"]
[SourceDate "2005.09.01"]
[SourceVersion "1"]
[SourceVersionDate "2005.09.01"]
[SourceQuality "1"]

1. Nf3 Nf6 2. d4 d5 3. c4 c6 4. Nc3 e6 5. g3 dxc4 6. Bg2 Nbd7 7. 0-0 Bb4 8. Bg5 0-0 9. Qc2 h6 10. Bxf6 Nxf6 11. Rfd1 Nd7 12. a3 Be7 13. a4 Qc7 14. a5 Rb8 15. Ne4 e5 16. Qxc4 exd4 17. Nxd4 Nf6 18. a6 bxa6 19. Qxc6 Qb6 20. Qxb6 Rxb6 21. Nc3 Rxb2 22. Nc6 Re8 23. e3 Rc2 24. Rdc1 Rxc1+ 25. Rxc1 Ba3 26. Rb1 Bf5 27. Rb7 Bc5 28. Na4 Bf8 29. Rxa7 Bd3 30. Nc3 Rc8 31. Rb7 a5 32. Ra7 Bb4 33. Na2 Kf8 34. h3 Be1 35. Nxa5 Ne4 36. Bxe4 Bxe4 37. Kf1 1/2-1/2

[Event "GRE-chT 34th"]
[Site "Ermioni Argolidas"]
[Date "2005.07.09"]
[Round "7"]
[White "Kotronias, Vasilios"]
[Black "Michelakis, George"]
[Result "1-0"]
[WhiteElo "2587"]
[BlackElo "2437"]
[PlyCount "63"]
[EventDate "2005.07.04"]
[EventType "team"]
[EventRounds "9"]
[EventCountry "GRE"]
[SourceTitle "CBM 107 Extra"]
[Source "ChessBase"]
[SourceDate "2005.09.01"]
[SourceVersion "1"]
[SourceVersionDate "2005.09.01"]
[SourceQuality "1"]

1. e4 c5 2. Nf3 d6 3. d4 cxd4 4. Nxd4 Nf6 5. Nc3 a6 6. Bg5 e6 7. f4 Nbd7 8. Qf3 Qc7 9. 0-0-0 b5 10. Bd3 Bb7 11. Rhe1 Qb6 12. Nb3 b4 13. Nb1 Be7 14. N1d2 Qc7 15. Kb1 h6 16. Qh3 Rg8 17. Bxf6 Nxf6 18. Nc4 Nxe4 19. Bxe4 Bxe4 20. Nxd6+ Bxd6 21. Rxe4 Rc8 22. Nd4 Qc4 23. Qf3 Kd7 24. Rd2 Qc5 25. Nb3 Qb6 26. f5 exf5 27. Red4 Rc6 28. Qxf5+ Ke7 29. Re4+ Kf8 30. Rde2 g6 31. Qf6 Rc8 32. Nd4 1-0

[Event "Olympiad-36"]
[Site "Mallorca"]
[Date "2004.10.26"]
[Round "11"]
[White "Michelakis, George"]
[Black "Godena, Michele"]
[Result "0-1"]
[WhiteElo "2438"]
[BlackElo "2550"]
[PlyCount "90"]
[EventDate "2004.10.15"]
[EventType "team-swiss"]
[EventRounds "14"]
[EventCountry "ESP"]
[SourceTitle "CBM 104"]
[Source "ChessBase"]
[SourceDate "2005.01.27"]
[SourceVersion "1"]
[SourceVersionDate "2005.01.27"]
[SourceQuality "1"]
[WhiteTeam "South Africa"]
[BlackTeam "Italy"]
[WhiteTeamCountry "RSA"]
[BlackTeamCountry "ITA"]

1. c4 e6 2. d4 d5 3. Nc3 a6 4. cxd5 exd5 5. Nf3 c6 6. Bf4 Bd6 7. Bxd6 Qxd6 8. e4 Ne7 9. e5 Qd8 10. Bd3 Bg4 11. 0-0 Nd7 12. Re1 Nf8 13. h3 Bh5 14. g4 Bg6 15. Nh4 Ne6 16. Nf5 Nxf5 17. gxf5 Qg5+ 18. Qg4 Bh5 19. Qxg5 Nxg5 20. Re3 Nf3+ 21. Rxf3 Bxf3 22. Kh2 Rd8 23. Kg3 Be4 24. Bxe4 dxe4 25. Rd1 f6 26. e6 g6 27. Kf4 Ke7 28. Kxe4 Rd6 29. Rg1 Rhd8 30. Ne2 gxf5+ 31. Kxf5 Rd5+ 32. Ke4 Rg5 33. Rxg5 fxg5 34. f4 gxf4 35. Nxf4 Kf6 36. b4 Rf8 37. d5 Rd8 38. dxc6 bxc6 39. a3 Rd1 40. Nd3 Kxe6 41. Nc5+ Kd6 42. a4 a5 43. Nb7+ Kc7 44. Nxa5 Ra1 45. Kd4 Rxa4 0-1

[Event "Olympiad-36"]
[Site "Mallorca"]
[Date "2004.10.16"]
[Round "2"]
[White "Bibby, Simon"]
[Black "Michelakis, George"]
[Result "0-1"]
[WhiteElo "2229"]
[BlackElo "2438"]
[PlyCount "40"]
[EventDate "2004.10.15"]
[EventType "team-swiss"]
[EventRounds "14"]
[EventCountry "ESP"]
[SourceTitle "CBM 104"]
[Source "ChessBase"]
[SourceDate "2005.01.27"]
[SourceVersion "1"]
[SourceVersionDate "2005.01.27"]
[SourceQuality "1"]
[WhiteTeam "Japan"]
[BlackTeam "South Africa"]
[WhiteTeamCountry "JPN"]
[BlackTeamCountry "RSA"]

1. e4 g6 2. d4 Bg7 3. Nc3 d6 4. Be3 a6 5. f4 b5 6. Be2 b4 7. Nb1 Nf6 8. Bf3 Bb7 9. d5 0-0 10. Qd2 a5 11. Ne2 e6 12. 0-0 exd5 13. exd5 Re8 14. f5 Nbd7 15. Bg5 Qb8 16. a3 Ba6 17. axb4 Bxe2 18. Bxf6 Qb6+ 19. Rf2 Nxf6 20. bxa5 Qxb2 0-1

[Event "Commonwealth-ch"]
[Site "Mumbai"]
[Date "2004.01.18"]
[Round "9"]
[White "Feldman, Vladimir"]
[Black "Michelakis, George"]
[Result "0-1"]
[WhiteElo "2322"]
[BlackElo "2432"]
[PlyCount "56"]
[EventDate "2004.01.10"]
[EventType "swiss"]
[EventRounds "9"]
[EventCountry "IND"]
[SourceTitle "EXT 2006"]
[Source "ChessBase"]
[SourceDate "2005.11.24"]
[SourceVersion "1"]
[SourceVersionDate "2005.11.24"]
[SourceQuality "1"]

1. d4 Nf6 2. c4 g6 3. Nc3 Bg7 4. e4 d6 5. Nf3 0-0 6. Be2 e5 7. 0-0 Nc6 8. d5 Ne7 9. Kh1 Nd7 10. Ne1 f5 11. exf5 Rxf5 12. Nd3 h6 13. a4 a5 14. Ra3 Nf6 15. f3 c6 16. Nf2 cxd5 17. cxd5 Bd7 18. Nb5 Rc8 19. Bd2 Nexd5 20. Bxa5 Qxa5 21. Qxd5+ Kh7 22. Qd3 Qb4 23. Ne4 d5 24. Nec3 d4 25. Nd1 Bc6 26. Qb1 Bxb5 27. Bd3 Bxa4 28. Rxa4 Qxa4 0-1

[Event "Commonwealth-ch"]
[Site "Mumbai"]
[Date "2004.01.16"]
[Round "7"]
[White "Poobesh Anand, Selvaraj"]
[Black "Michelakis, George"]
[Result "1/2-1/2"]
[WhiteElo "2360"]
[BlackElo "2432"]
[PlyCount "48"]
[EventDate "2004.01.10"]
[EventType "swiss"]
[EventRounds "9"]
[EventCountry "IND"]
[SourceTitle "EXT 2006"]
[Source "ChessBase"]
[SourceDate "2005.11.24"]
[SourceVersion "1"]
[SourceVersionDate "2005.11.24"]
[SourceQuality "1"]

1. d4 Nf6 2. c4 c5 3. d5 b5 4. cxb5 a6 5. bxa6 g6 6. g3 Bg7 7. Bg2 d6 8. Nf3 Qa5+ 9. Bd2 Qxa6 10. Nc3 0-0 11. 0-0 Nbd7 12. Qc2 Nb6 13. e4 Nc4 14. Bc1 Ng4 15. h3 Nge5 16. Nxe5 Nxe5 17. Rd1 Qa5 18. Bd2 Nc4 19. Be1 Bd7 20. Bf1 Ne5 21. Be2 f5 22. f4 Nf7 23. Bd3 Nh6 24. Bd2 fxe4 1/2-1/2

[Event "Commonwealth-ch"]
[Site "Mumbai"]
[Date "2004.01.15"]
[Round "6"]
[White "Michelakis, George"]
[Black "Babu, N Sudhakar"]
[Result "1/2-1/2"]
[WhiteElo "2432"]
[BlackElo "2339"]
[PlyCount "30"]
[EventDate "2004.01.10"]
[EventType "swiss"]
[EventRounds "9"]
[EventCountry "IND"]
[SourceTitle "EXT 2006"]
[Source "ChessBase"]
[SourceDate "2005.11.24"]
[SourceVersion "1"]
[SourceVersionDate "2005.11.24"]
[SourceQuality "1"]

1. Nf3 d5 2. d4 Nf6 3. c4 e6 4. g3 Be7 5. Bg2 0-0 6. 0-0 dxc4 7. Qc2 a6 8. a4 Bd7 9. Qxc4 Bc6 10. Bg5 Nbd7 11. Nc3 h6 12. Bxf6 Nxf6 13. Rfe1 Bd5 14. Nxd5 exd5 15. Qb3 Rb8 1/2-1/2

[Event "Commonwealth-ch"]
[Site "Mumbai"]
[Date "2004.01.14"]
[Round "5"]
[White "Gokhale, Jayant Suresh"]
[Black "Michelakis, George"]
[Result "0-1"]
[WhiteElo "2308"]
[BlackElo "2432"]
[PlyCount "62"]
[EventDate "2004.01.10"]
[EventType "swiss"]
[EventRounds "9"]
[EventCountry "IND"]
[SourceTitle "EXT 2006"]
[Source "ChessBase"]
[SourceDate "2005.11.24"]
[SourceVersion "1"]
[SourceVersionDate "2005.11.24"]
[SourceQuality "1"]

1. Nf3 Nf6 2. c4 g6 3. Nc3 Bg7 4. e4 d6 5. d4 0-0 6. Be2 e5 7. 0-0 Nc6 8. d5 Ne7 9. Nd2 a5 10. a3 Nd7 11. Rb1 f5 12. b4 Kh8 13. Qc2 Nf6 14. f3 c6 15. dxc6 Nxc6 16. Nb5 axb4 17. axb4 Be6 18. Bd3 f4 19. Rd1 g5 20. Be2 Qe7 21. Nf1 Rfd8 22. Qd2 Bf8 23. Bb2 Qg7 24. Ra1 Rxa1 25. Rxa1 g4 26. Qc3 Qg6 27. Nd2 Be7 28. Kh1 Rg8 29. c5 dxc5 30. bxc5 g3 31. Nc4 Qh5 0-1

[Event "RSA-ch"]
[Site "Kempton Park"]
[Date "2003.06.20"]
[Round "10"]
[White "Cawdery, Daniel"]
[Black "Michelakis, George"]
[Result "0-1"]
[WhiteElo "2182"]
[BlackElo "2405"]
[PlyCount "100"]
[EventDate "2003.06.14"]
[EventType "tourn"]
[EventRounds "11"]
[EventCountry "RSA"]
[SourceTitle "EXT 2004"]
[Source "ChessBase"]
[SourceDate "2003.11.25"]
[SourceVersion "1"]
[SourceVersionDate "2003.11.25"]
[SourceQuality "1"]

1. e4 c5 2. Nf3 d6 3. d4 cxd4 4. Nxd4 Nf6 5. Nc3 a6 6. Be2 e5 7. Nb3 Be7 8. 0-0 0-0 9. Kh1 Bd7 10. f4 Bc6 11. Bf3 Nbd7 12. f5 b5 13. a3 a5 14. g4 h6 15. Be3 Nb6 16. Qd3 Nc4 17. Bc1 Rc8 18. a4 b4 19. Nd5 Bxd5 20. exd5 Qb6 21. Be2 e4 22. Qd1 Rfe8 23. g5 hxg5 24. Bxc4 Rxc4 25. Bxg5 e3 26. Qe2 Re4 27. Rg1 Kf8 28. Rad1 Bd8 29. Rg3 Qb7 30. Bxf6 Bxf6 31. Nxa5 Qc8 32. Rf3 Qc5 33. Nc6 Rh4 34. a5 Qc4 35. Rd3 Bg5 36. b3 Qe4 37. Rd4 Qxf3+ 38. Qxf3 e2 39. Rd1 Re3 40. Kg2 Rxf3 41. Re1 Re3 42. a6 Rg4+ 43. Kf2 Re8 44. Rxe2 Rg2+ 45. Kxg2 Rxe2+ 46. Kf1 Rxc2 47. Nxb4 Rc1+ 48. Ke2 Ra1 49. Kd3 Bh4 50. Kc4 Ra5 0-1

[Event "RSA-ch"]
[Site "Kempton Park"]
[Date "2003.06.15"]
[Round "4"]
[White "Bouah, Lyndon"]
[Black "Michelakis, George"]
[Result "1-0"]
[WhiteElo "2175"]
[BlackElo "2405"]
[PlyCount "161"]
[EventDate "2003.06.14"]
[EventType "tourn"]
[EventRounds "11"]
[EventCountry "RSA"]
[SourceTitle "EXT 2004"]
[Source "ChessBase"]
[SourceDate "2003.11.25"]
[SourceVersion "1"]
[SourceVersionDate "2003.11.25"]
[SourceQuality "1"]

1. d4 Nf6 2. c4 g6 3. Nc3 Bg7 4. e4 d6 5. f3 0-0 6. Be3 Nbd7 7. Qd2 c5 8. Nge2 a6 9. Nc1 cxd4 10. Bxd4 b6 11. Be2 Bb7 12. 0-0 Rc8 13. b3 Nc5 14. Rd1 Ne6 15. Be3 b5 16. Rb1 Nd7 17. Nd5 bxc4 18. Bxc4 Ne5 19. Bf1 Kh8 20. Ne2 f5 21. f4 Nd7 22. exf5 gxf5 23. b4 Qe8 24. Rbc1 Qf7 25. Ng3 h5 26. Rxc8 Bxc8 27. Be2 Nf6 28. Nxf6 Bxf6 29. Nxh5 Bb7 30. Nxf6 Qxf6 31. Bd4 Nxd4 32. Qxd4 Qxd4+ 33. Rxd4 Rc8 34. Rc4 Rxc4 35. Bxc4 Kg7 36. Kf2 e5 37. fxe5 dxe5 38. g3 Kg6 39. Ke3 Kg5 40. h4+ Kg4 41. Kf2 f4 42. Be6+ Kh5 43. Bf7+ Kg4 44. gxf4 exf4 45. h5 Kg5 46. Bg6 Bd5 47. a3 Bc4 48. Kf3 Bd5+ 49. Be4 Bxe4+ 50. Kxe4 Kg4 51. h6 f3 52. h7 f2 53. h8Q f1Q 54. Qg7+ Kh4 55. Qh6+ Kg4 56. Qg7+ Kh4 57. Qc3 Kg4 58. Kd5 Qb5+ 59. Kd6 Qa4 60. Kc7 Kf4 61. Qd4+ Kf3 62. Qd3+ Kf4 63. Kb6 Qe8 64. Kxa6 Qa8+ 65. Kb5 Ke5 66. a4 Qb7+ 67. Ka5 Qc7+ 68. Kb5 Qb7+ 69. Kc4 Qa6+ 70. b5 Qxa4+ 71. Kc5 Qa5 72. Qe3+ Kf5 73. Kc6 Qa8+ 74. Kc7 Qa4 75. Qd3+ Ke5 76. Qd6+ Kf5 77. b6 Qa5 78. Qc6 Ke5 79. Kb8 Kf5 80. b7 Kg4 81. Kc8 1-0

[Event "Pula op 17th"]
[Site "Pula"]
[Date "2003.06.06"]
[Round "8"]
[White "Bogdanovski, Vlatko"]
[Black "Michelakis, George"]
[Result "1-0"]
[WhiteElo "2449"]
[BlackElo "2405"]
[PlyCount "83"]
[EventDate "2003.06.01"]
[EventType "swiss"]
[EventRounds "9"]
[EventCountry "CRO"]
[SourceTitle "CBM 094 Extra"]
[Source "ChessBase"]
[SourceDate "2003.07.09"]
[SourceVersion "2"]
[SourceVersionDate "2003.07.09"]
[SourceQuality "1"]

1. d4 Nf6 2. Nf3 d5 3. c4 e6 4. g3 dxc4 5. Bg2 a6 6. 0-0 Nc6 7. e3 Bd7 8. Nc3 Bd6 9. Qe2 b5 10. e4 Be7 11. d5 Nb4 12. Ne5 exd5 13. exd5 Rb8 14. Re1 Nd3 15. Nxd3 cxd3 16. Qxd3 0-0 17. Bf4 Bd6 18. Bxd6 cxd6 19. Ne2 Re8 20. Qd2 Re5 21. Nf4 Qb6 22. Rxe5 dxe5 23. Nd3 Qd4 24. Qe3 Rc8 25. Rd1 Qxe3 26. fxe3 Ng4 27. Rd2 f6 28. e4 Ne3 29. b4 Nc4 30. Rc2 Nd6 31. Nc5 Rc7 32. Rc3 Bc8 33. Bf1 Kf7 34. Ra3 Ra7 35. Rb3 Ke7 36. a4 bxa4 37. Ra3 Ra8 38. Rxa4 Ra7 39. b5 a5 40. Na6 Nxb5 41. Bxb5 Bxa6 42. Rxa5 1-0

[Event "Pula op 17th"]
[Site "Pula"]
[Date "2003.06.04"]
[Round "6"]
[White "Michelakis, George"]
[Black "Pandurevic, Miro"]
[Result "1-0"]
[WhiteElo "2405"]
[BlackElo "2280"]
[PlyCount "62"]
[EventDate "2003.06.01"]
[EventType "swiss"]
[EventRounds "9"]
[EventCountry "CRO"]
[SourceTitle "CBM 094 Extra"]
[Source "ChessBase"]
[SourceDate "2003.07.09"]
[SourceVersion "2"]
[SourceVersionDate "2003.07.09"]
[SourceQuality "1"]

1. d4 Nf6 2. c4 e6 3. g3 c5 4. Nf3 cxd4 5. Nxd4 Nc6 6. Bg2 Bb4+ 7. Nc3 0-0 8. 0-0 Qb6 9. Nc2 Be7 10. e4 d6 11. b3 a6 12. Be3 Qa5 13. Bd2 Qc7 14. Rc1 Bd7 15. Qe2 Rfc8 16. Rfd1 Rab8 17. h3 Be8 18. Kh1 Ne5 19. f4 Ng6 20. Nd4 Qc5 21. Be3 Qa5 22. f5 Nf8 23. Bd2 Qb6 24. Be1 N6d7 25. Nf3 Bf6 26. Na4 Qc7 27. Bb4 Nc5 28. e5 Be7 29. exd6 Bxd6 30. Rxd6 Qxd6 31. Rd1 Ne4 1-0

[Event "Olympiad-32"]
[Site "Yerevan"]
[Date "1996.09.23"]
[Round "7.1"]
[White "Wong, Meng Kong"]
[Black "Michelakis, George"]
[Result "1/2-1/2"]
[WhiteElo "2440"]
[BlackElo "2410"]
[PlyCount "89"]
[EventDate "1996.09.15"]
[EventType "team-swiss"]
[EventRounds "14"]
[EventCountry "ARM"]
[SourceTitle "CBM 055"]
[Source "ChessBase"]
[SourceDate "1996.12.01"]
[SourceVersion "1"]
[SourceVersionDate "1996.12.01"]
[SourceQuality "1"]
[WhiteTeam "Singapore"]
[BlackTeam "South Africa"]
[WhiteTeamCountry "SIN"]
[BlackTeamCountry "RSA"]

1. Nf3 Nf6 2. c4 g6 3. b3 Bg7 4. Bb2 0-0 5. g3 c6 6. Bg2 d5 7. 0-0 a5 8. Qc2 Re8 9. Re1 Na6 10. a3 Qb6 11. cxd5 cxd5 12. Bd4 Qd8 13. Nc3 Bf5 14. d3 Nb8 15. e4 dxe4 16. dxe4 Nxe4 17. Bxg7 Nd6 18. Qb2 Kxg7 19. Rad1 Kg8 20. Ne5 Nd7 21. Nd5 Nxe5 22. Qxe5 Be6 23. Nxe7+ Rxe7 24. Rxd6 Rd7 25. Rxe6 fxe6 26. Bh3 Rg7 27. Bxe6+ Kh8 28. Bd5 Qd7 29. Re4 Rf8 30. Rf4 Qd8 31. Rxf8+ Qxf8 32. h4 b6 33. b4 axb4 34. axb4 h5 35. Be4 Qxb4 36. Bxg6 Qc5 37. Qf6 b5 38. Bf5 Kg8 39. Kh1 Qd5+ 40. Kh2 Qc5 41. Kh3 b4 42. Qd8+ Kf7 43. Qd7+ Kf8 44. Qd8+ Kf7 45. Qd7+ 1/2-1/2

[Event "Olympiad-32"]
[Site "Yerevan"]
[Date "1996.09.17"]
[Round "2.2"]
[White "Michelakis, George"]
[Black "Curi, Gabriel"]
[Result "1-0"]
[WhiteElo "2410"]
[BlackElo "2310"]
[PlyCount "95"]
[EventDate "1996.09.15"]
[EventType "team-swiss"]
[EventRounds "14"]
[EventCountry "ARM"]
[SourceTitle "CBM 055"]
[Source "ChessBase"]
[SourceDate "1996.12.01"]
[SourceVersion "1"]
[SourceVersionDate "1996.12.01"]
[SourceQuality "1"]
[WhiteTeam "South Africa"]
[BlackTeam "Uruguay"]
[WhiteTeamCountry "RSA"]
[BlackTeamCountry "URU"]

1. d4 d5 2. c4 c6 3. Nf3 e6 4. g3 Nf6 5. Bg2 Nbd7 6. Qc2 Bd6 7. 0-0 0-0 8. Nbd2 Qe7 9. Re1 e5 10. cxd5 cxd5 11. dxe5 Nxe5 12. Nxe5 Qxe5 13. Nf3 Qh5 14. Be3 Bh3 15. Qb3 b6 16. Rac1 Bxg2 17. Kxg2 Rfe8 18. Rc6 Re6 19. Rec1 Rae8 20. Bd4 Ne4 21. Qa4 R6e7 22. Rc8 f6 23. Qc6 Rxc8 24. Qxc8+ Qe8 25. Qf5 g6 26. Qxd5+ Qf7 27. Rc8+ Kg7 28. Qxf7+ Kxf7 29. g4 Bc5 30. e3 Rd7 31. a3 Bxd4 32. Nxd4 Nc5 33. b4 Ne6 34. Nxe6 Kxe6 35. Rc6+ Ke5 36. f4+ Ke4 37. Re6+ Kd3 38. Kf3 Rf7 39. Rc6 f5 40. gxf5 gxf5 41. Rd6+ Kc4 42. e4 fxe4+ 43. Kxe4 Re7+ 44. Kf3 Re1 45. f5 Ra1 46. f6 Rxa3+ 47. Ke4 Ra2 48. Rd4+ 1-0

[Event "RSA-ch"]
[Site "Cape Town"]
[Date "1995.??.??"]
[Round "11"]
[White "Kobese, Watu"]
[Black "Michelakis, George"]
[Result "1-0"]
[WhiteElo "2250"]
[BlackElo "2425"]
[PlyCount "97"]
[EventDate "1995.??.??"]
[EventType "swiss"]
[EventRounds "11"]
[EventCountry "RSA"]
[SourceTitle "EXT 1998"]
[Source "ChessBase"]
[SourceDate "1997.11.17"]
[SourceVersion "1"]
[SourceVersionDate "1997.11.17"]
[SourceQuality "1"]

1. e4 c5 2. Nf3 d6 3. d4 cxd4 4. Nxd4 Nf6 5. Nc3 g6 6. Bc4 Bg7 7. h3 0-0 8. Bb3 Nbd7 9. 0-0 Nc5 10. Re1 Bd7 11. Bg5 h6 12. Bh4 Re8 13. Bg3 a6 14. e5 dxe5 15. Bxe5 Nxb3 16. axb3 Qb6 17. Qf3 Rad8 18. Rad1 Bc8 19. Qe3 Rd7 20. Na4 Qa7 21. c4 b5 22. Nc3 Bb7 23. cxb5 axb5 24. b4 Qb6 25. Nb3 Qc6 26. f3 Nd5 27. Nxd5 Rxd5 28. Bxg7 Kxg7 29. Nc5 Ba8 30. Ra1 Qf6 31. Ra5 Qxb2 32. Rxb5 e5 33. Nd3 Qb3 34. Rxd5 Qxd5 35. Nxe5 f6 36. Qa7+ Qb7 37. Qxb7+ Bxb7 38. Nd3 Rxe1+ 39. Nxe1 Kf7 40. Nd3 Bc6 41. Kf2 g5 42. Ke3 Ke6 43. Kd4 Kd6 44. Nb2 Bd7 45. Nd1 h5 46. Nc3 f5 47. Nd5 h4 48. Ne3 Be6 49. b5 1-0

[Event "RSA-ch"]
[Site "Cape Town"]
[Date "1995.??.??"]
[Round "8"]
[White "Michelakis, George"]
[Black "Keserovic, Milan"]
[Result "1-0"]
[WhiteElo "2425"]
[BlackElo "2230"]
[PlyCount "83"]
[EventDate "1995.??.??"]
[EventType "swiss"]
[EventRounds "11"]
[EventCountry "RSA"]
[SourceTitle "EXT 1998"]
[Source "ChessBase"]
[SourceDate "1997.11.17"]
[SourceVersion "1"]
[SourceVersionDate "1997.11.17"]
[SourceQuality "1"]

1. Nf3 b6 2. g3 Bb7 3. Bg2 c5 4. 0-0 Nf6 5. d3 d5 6. c4 e6 7. cxd5 Nxd5 8. d4 cxd4 9. Nxd4 Bc5 10. Nb3 Be7 11. Nc3 0-0 12. Nxd5 Bxd5 13. Bxd5 exd5 14. Nd4 Bf6 15. Be3 Qd7 16. Qd3 Rd8 17. Rac1 Qh3 18. b3 g6 19. Nf3 Nd7 20. Bg5 Qe6 21. Nd4 Qe4 22. Qxe4 dxe4 23. Bxf6 Nxf6 24. Rfd1 e3 25. f3 Rd7 26. Nc2 Re7 27. Na3 Nd7 28. Rc7 Rd8 29. Rxa7 Kg7 30. Rd3 Kf6 31. Rd6+ Kg7 32. Nb5 Re5 33. a4 Re7 34. f4 h6 35. b4 h5 36. Kg2 Kf8 37. Nd4 Kg7 38. Nc6 Nb8 39. Rxd8 Nxc6 40. Rxe7 Nxd8 41. Rd7 Ne6 42. Rd6 1-0

[Event "Groningen op"]
[Site "Groningen"]
[Date "1993.??.??"]
[Round "8"]
[White "Michelakis, George"]
[Black "Dvoirys, Semen I"]
[Result "0-1"]
[WhiteElo "2355"]
[BlackElo "2590"]
[PlyCount "126"]
[EventDate "1993.12.??"]
[EventType "swiss"]
[EventRounds "11"]
[EventCountry "NED"]
[SourceTitle "CBM 038 Extra"]
[Source "ChessBase"]
[SourceDate "1994.03.01"]
[SourceVersion "1"]
[SourceVersionDate "1994.03.01"]
[SourceQuality "1"]

1. e4 c5 2. c3 Nf6 3. e5 Nd5 4. d4 cxd4 5. Nf3 Nc6 6. Bc4 Nb6 7. Bb3 d5 8. exd6 Qxd6 9. Na3 a6 10. 0-0 e6 11. cxd4 Be7 12. Re1 Bd7 13. Re4 Nd5 14. Nc4 Qc7 15. Nce5 0-0 16. Bd2 Rac8 17. Rc1 Qd6 18. Nxd7 Qxd7 19. Qe2 Rfd8 20. Re1 Bf6 21. Ne5 Qc7 22. Bc3 Bxe5 23. dxe5 Nxc3 24. bxc3 Na5 25. Re3 b5 26. Rh3 Nxb3 27. axb3 Rd5 28. Rg3 Rc5 29. h4 Rxc3 30. Qg4 Rxg3 31. Qxg3 a5 32. h5 h6 33. Kh2 Qc2 34. Qf3 a4 35. bxa4 bxa4 36. Re2 Qf5 37. Qxf5 exf5 38. Kg3 Ra8 39. Ra2 Kf8 40. Kf4 g6 41. hxg6 fxg6 42. Ke3 g5 43. f4 Ke7 44. g3 Ke6 45. Kd4 Ra5 46. Kc4 h5 47. Kd4 h4 48. fxg5 h3 49. Ke3 h2 50. Ra1 Ra8 51. g6 Kxe5 52. Kf2 a3 53. Kg2 Kf6 54. Ra2 Kxg6 55. Kxh2 Kf6 56. Kg2 Ke5 57. Kf3 Kd4 58. Kf4 Ra5 59. Kg5 Kc4 60. Kf4 Kb3 61. Ra1 a2 62. Rf1 Kb2 63. Rf2+ Kc3 0-1

[Event "Groningen op"]
[Site "Groningen"]
[Date "1993.??.??"]
[Round "6"]
[White "Michelakis, George"]
[Black "Loeffler, Stefan"]
[Result "1-0"]
[WhiteElo "2355"]
[BlackElo "2460"]
[PlyCount "79"]
[EventDate "1993.12.??"]
[EventType "swiss"]
[EventRounds "11"]
[EventCountry "NED"]
[SourceTitle "CBM 038 Extra"]
[Source "ChessBase"]
[SourceDate "1994.03.01"]
[SourceVersion "1"]
[SourceVersionDate "1994.03.01"]
[SourceQuality "1"]

1. d4 d5 2. c4 e6 3. g3 dxc4 4. Nf3 Nc6 5. Qa4 Qd5 6. Nc3 Bb4 7. Bg2 Bd7 8. Qd1 Nf6 9. 0-0 Qa5 10. Bd2 0-0-0 11. e4 Qh5 12. Re1 e5 13. Nxe5 Qxd1 14. Raxd1 Nxe5 15. dxe5 Ng4 16. Bf4 h6 17. Bf3 Be6 18. h3 g5 19. hxg4 gxf4 20. gxf4 Rd3 21. Re3 Bxc3 22. bxc3 Rhd8 23. Rde1 Rg8 24. f5 Bd7 25. Be2 Rxe3 26. fxe3 Ba4 27. Bxc4 Rxg4+ 28. Kf2 Rxe4 29. Bxf7 Rxe5 30. e4 Kd7 31. Kf3 Ke7 32. Bd5 c6 33. Kf4 Kd6 34. Rh1 Re8 35. Rxh6+ Kc5 36. Bb3 Bb5 37. e5 Bd3 38. f6 b5 39. e6 Kd6 40. e7 1-0

[Event "Groningen op"]
[Site "Groningen"]
[Date "1993.??.??"]
[Round "5"]
[White "Nesterov, Yakov"]
[Black "Michelakis, George"]
[Result "1/2-1/2"]
[WhiteElo "2485"]
[BlackElo "2355"]
[PlyCount "80"]
[EventDate "1993.12.??"]
[EventType "swiss"]
[EventRounds "11"]
[EventCountry "NED"]
[SourceTitle "CBM 038 Extra"]
[Source "ChessBase"]
[SourceDate "1994.03.01"]
[SourceVersion "1"]
[SourceVersionDate "1994.03.01"]
[SourceQuality "1"]

1. Nf3 Nf6 2. c4 g6 3. Nc3 Bg7 4. e4 d6 5. d4 0-0 6. h3 e5 7. dxe5 dxe5 8. Qxd8 Rxd8 9. Bg5 Rf8 10. 0-0-0 Nbd7 11. Be3 c6 12. Nd2 Re8 13. c5 Bf8 14. Nb3 b6 15. Rd2 Nh5 16. Bc4 b5 17. Be2 Nf4 18. Bg4 Nf6 19. Bxc8 Raxc8 20. f3 Ne6 21. Kc2 Rc7 22. a4 bxa4 23. Nxa4 Rb8 24. Ra1 Rb4 25. Rd3 Nd7 26. Ra3 Nf4 27. Rd2 Ne6 28. Kb1 Be7 29. Rc2 f5 30. exf5 gxf5 31. Nc1 Rcb7 32. g4 fxg4 33. hxg4 Bg5 34. Bf2 Bxc1 35. Rxc1 Nd4 36. Ka2 Nb5 37. Be1 Rf4 38. Bd2 Rd4 39. Be3 Rb4 40. Bd2 Rd4 1/2-1/2